| 000 | 00691nam a2200229 a 4500 | ||
|---|---|---|---|
| 001 | 53231 | ||
| 003 | BD-RjUL | ||
| 005 | 20211209075928.0 | ||
| 008 | 161003r19661913nyua b 000 0 eng | ||
| 035 | _a(BD-RjUL)53351 | ||
| 040 |
_aDLC _cOWilmC _dOCoLC _dDLC _dBD-RjUL _beng |
||
| 041 | _aeng | ||
| 082 |
_223 _a571.92 _bSTF 1966 |
||
| 100 | 1 |
_aStevens, Frank Lincoln, _d1871-1934. _9159107 |
|
| 245 | 1 | 4 |
_aThe Fungi which cause plant disease / _cby F. L. Stevens |
| 260 |
_aNew York : _bThe Macmillan Company, _c1913 [reprinting 1966] |
||
| 300 |
_aix, 754 p. : _bill. ; _c23 cm. |
||
| 500 | _aIncludes Index | ||
| 650 | 0 |
_aPlant diseases. _9116935 |
|
| 942 |
_2ddc _cBK |
||
| 999 |
_c53231 _d53231 |
||